Airports Of India - Statistics

General Stats
  • This quiz has been taken 88 times
  • The average score is 18 of 69
Answer Stats
Hint Answer % Correct
Indira Gandhi International Airport DEL
97%
Chhatrapati Shivaji Maharaj International Airport BOM
57%
Visakhapatnam International Airport VTZ
51%
Chennai International Airport MAA
49%
Agra Airport AGR
46%
Cochin International Airport COK
43%
Pune Airport PNQ
43%
Vadodara Airport BDQ
41%
Kempegowda International Airport BLR
41%
Jaipur International Airport JAI
41%
Surat International Airport STV
41%
Netaji Subhas Chandra Bose International Airport CCU
38%
Vijayawada International Airport VGA
38%
Dabolim Airport GOI
35%
Bagdogra International Airport IXB
35%
Shaheed Bhagat Singh International Airport IXC
35%
Thiruvananthapuram International Airport TRV
35%
Sardar Vallabhbhai Patel International Airport AMD
32%
Raja Bhoj Airport BHO
32%
Veer Savarkar International Airport IXZ
32%
Jodhpur Airport JDH
32%
Gorakhpur Airport GOP
30%
Mangalore International Airport IXE
30%
Jammu Airport IXJ
30%
Madurai International Airport IXM
30%
Srinagar Airport SXR
30%
Tirupati International Airport TIR
30%
Bhuj Airport BHU
27%
Malappuram Kozhikode International Airport CCJ
27%
Dehradun Airport DED
27%
Kangra Airport DHM
27%
Dibrugarh Airport DIB
27%
Gaya Airport GAY
27%
Prayagraj Airport IXD
27%
Manohar International Airport GOX
24%
Birsa Munda Airport IXR
24%
Biju Patnaik International Airport BBI
22%
Maharaja Bir Bikram Airport IXA
22%
Pasighat Airport IXT
22%
Jaisalmer Airport JSA
22%
Kullu–Manali Airport KUU
22%
Chaudhary Charan Singh International Airport LKO
22%
Swami Vivekananda Airport RPR
22%
Shillong Airport SHL
22%
Sri Guru Ram Dass Jee International Airport ATQ
19%
Maharishi Valmiki International Airport AYJ
19%
Coimbatore International Airport CBJ
19%
Jay Prakash Narayan Airport PAT
19%
Agatti Airport AGX
16%
Darbhanga Airport DBR
16%
Lokpriya Gopinath Bordoloi International Airport GAU
16%
Hindon Airport HDO
16%
Kushok Bakula Rimpochee Airport IXL
16%
Jabalpur Airport JLR
16%
Bareilly Airport BEK
14%
Kannur International Airport CNN
14%
Rajkot International Airport HSR
14%
Devi Ahilyabai Holkar International Airport IDR
14%
Mysore Airport MYQ
14%
Deoghar Airport DGH
11%
Rajmata Vijaya Raje Scindia Airport GWL
11%
Bir Tikendrajit International Airport IMF
11%
Dr. Babasaheb Ambedkar International Airport NAG
11%
Shimla Airport SLV
11%
Dimapur Airport DMU
5%
Khajuraho Airport HJR
5%
Kazi Nazrul Islam Airport RDP
5%
Tiruchirappalli International Airport TRZ
5%
Lal Bahadur Shastri International Airport VNS
5%
No matching quizzes found
Score Distribution
Percent of People with Each Score
Percentile by Number Answered
Your Score History
You have not taken this quiz